Home Print Resources E-Books E-Journals IIMT Lecture Series Library Membership Form Book Recommendation Form Campus Tour Take AdmissionAbout Us Contact Us

COOPER AND GUNNS DISPENDING FOR PHARMACEUTICAL STUDENT (Record no. 65205)

000 -LEADER
fixed length control field 00418nam a22001577a 4500
003 - CONTROL NUMBER IDENTIFIER
control field OSt
005 - DATE AND TIME OF LATEST TRANSACTION
control field 20250220144612.0
008 - FIXED-LENGTH DATA ELEMENTS--GENERAL INFORMATION
fixed length control field 250220b |||||||| |||| 00| 0 eng d
020 ## - INTERNATIONAL STANDARD BOOK NUMBER
International Standard Book Number 9788123909028
040 ## - CATALOGING SOURCE
Transcribing agency IIMT COLLEGE OF PHARMACY GREATER NOIDA
100 ## - MAIN ENTRY--PERSONAL NAME
Personal name CARTER, SJ
245 ## - TITLE STATEMENT
Title COOPER AND GUNNS DISPENDING FOR PHARMACEUTICAL STUDENT
260 ## - PUBLICATION, DISTRIBUTION, ETC.
Place of publication, distribution, etc. NEW DELHI
Name of publisher, distributor, etc. CBS
Date of publication, distribution, etc. 2008
300 ## - PHYSICAL DESCRIPTION
Extent 759
942 ## - ADDED ENTRY ELEMENTS (KOHA)
Source of classification or shelving scheme
Koha item type Text-Book- for 7 days
Holdings
Withdrawn status Lost status Source of classification or shelving scheme Damaged status Not for loan Home library Current library Date acquired Source of acquisition Cost, normal purchase price Inventory number Total Checkouts Barcode Date last seen Price effective from Koha item type
          NOIDA College IIMT College of Pharmacy NOIDA College IIMT College of Pharmacy 02/20/2025 SAVERA 750.00 CRB-868 14-02-25   12-B-6780 02/20/2025 02/20/2025 Text-Book- for 7 days
          NOIDA College IIMT College of Pharmacy NOIDA College IIMT College of Pharmacy 02/20/2025 SAVERA 750.00 CRB-868 14-02-25   12-B-6781 02/20/2025 02/20/2025 Text-Book- for 7 days
          NOIDA College IIMT College of Pharmacy NOIDA College IIMT College of Pharmacy 02/20/2025 SAVERA 750.00 CRB-868 14-02-25   12-B-6782 02/20/2025 02/20/2025 Text-Book- for 7 days
          NOIDA College IIMT College of Pharmacy NOIDA College IIMT College of Pharmacy 02/20/2025 SAVERA 750.00 CRB-868 14-02-25   12-B-6783 02/20/2025 02/20/2025 Text-Book- for 7 days
IIMT, Central Library. All Rights Reserved IIMT,UNIVERSITY © 2023
Implemented and Customised by I CLOUDE EMS
You Are OPAC Visitor No
free web counter

Powered by Koha